Normal view
MARC view
- NETWORK ALGORITHMICS
Entry Topical Term
001 - CONTROL NUMBER
- control field: 63260
003 - CONTROL NUMBER IDENTIFIER
- control field: NUST
005 - DATE AND TIME OF LATEST TRANSACTION
- control field: 20210628203105.0
008 - FIXED-LENGTH DATA ELEMENTS
- fixed length control field: 210628|| aca||aabn | a|a d
040 ## - CATALOGING SOURCE
- Original cataloging agency: NUST
- Transcribing agency: NUST
150 ## - HEADING--TOPICAL TERM
- Topical term or geographic name entry element: NETWORK ALGORITHMICS
670 ## - SOURCE DATA FOUND
- Source citation: Work cat.: (NUST): VARGHESE, GEORGE 63259, Network algorithmics , an interdisciplinary approach to designing fast networked devices, 2005
